Cost accounting. (2nd ed.) (Record no. 38957)

MARC details
000 -LEADER
fixed length control field 00618nam a2200181 a 4500
008 - FIXED-LENGTH DATA ELEMENTS--GENERAL INFORMATION
fixed length control field 120416s1987 ||||||||||||||||| || u
020 ## - INTERNATIONAL STANDARD BOOK NUMBER
International Standard Book Number 0256035725
050 ## - LIBRARY OF CONGRESS CALL NUMBER
Classification number HF 5686.C8 Dea
100 ## - MAIN ENTRY--PERSONAL NAME
Personal name Deakin, Edward B
245 10 - TITLE STATEMENT
Title Cost accounting. (2nd ed.)
250 ## - EDITION STATEMENT
Edition statement 2nd ed.
260 ## - PUBLICATION, DISTRIBUTION, ETC.
Place of publication, distribution, etc. Homewood, [Ill.]
Name of publisher, distributor, etc. Irwin
Date of publication, distribution, etc. 1987
300 ## - PHYSICAL DESCRIPTION
Extent xxiv, 1036p. : ill.
350 ## - PRICE (NR) (BK AM CF MU VM SE) [OBSOLETE]
Price 0.00
650 #0 - SUBJECT ADDED ENTRY--TOPICAL TERM
Topical term or geographic name entry element ACCOUNTING--HANDBOOKS, MANUALS, ETC
650 #0 - SUBJECT ADDED ENTRY--TOPICAL TERM
Topical term or geographic name entry element COST ACCOUNTING
995 ## - RECOMMENDATION 995 [LOCAL, UNIMARC FRANCE]
-- 0.00
-- CBU-MAIN LIBRARY (Kitwe)
-- 1
-- 0.00
-- 1
-- AVAILABLE
-- Main Library Open Access Collection
Holdings
Withdrawn status Lost status Source of classification or shelving scheme Damaged status Not for loan Home library Current library Shelving location Date acquired Total Checkouts Full call number Barcode Date last seen Price effective from Koha item type
          CBU-MAIN LIBRARY, KITWE. CBU-MAIN LIBRARY, KITWE.   11/30/2022   HF 5686.C8 Dea 006539 11/30/2022 11/30/2022 MONOGRAPH